000
00273nam a2200109Ia 4500
008
230907s9999||||xx |||||||||||||| ||und||
082
_a
621.310218
_b
SMA
245
0
_a
Smart grid standards:
260
_a
John Wiley
_b
Singapore
_c
2015
300
_a
xviii, 463p.:
942
_c
BK
999
_c
598118
_d
598118